A sermon, preached at the opening of the Synod of Glasgow and Air, at Glasgow, 9. October, 1792. By the Rev. William Dunn, A.M. minister of Kirkintilloch.

Bibliographic Details
Main Author: Dunn, William, 1745-1798
Corporate Author: Gale (Firm)
Format: eBook
Language:English
Published: Glasgow : Printed for, and sold by Brash and Reid, 1792.
Subjects:
Online Access:Connect to the full text of this electronic book

MARC

Tag First Indicator Second Indicator Subfields
LEADER 00000cam a2200000 4500
001 in00003819621
005 20190415184121.0
006 m o d
007 cr |n||||||||n
008 810312s1792 stk|||| o 00| ||eng c
035 |a (CU-RivES)T117887 
035 |a (Uk-ES)006386358 
035 |a (OCoLC)508871144 
040 |a Uk-ES  |c Uk-ES  |d CU-RivES  |d CStRLIN  |d Cengage Gale  |d UtOrBLW 
100 1 |a Dunn, William,  |d 1745-1798.  |0 http://id.loc.gov/authorities/names/n85246270 
245 1 2 |a A sermon, preached at the opening of the Synod of Glasgow and Air, at Glasgow, 9. October, 1792. By the Rev. William Dunn, A.M. minister of Kirkintilloch. 
264 1 |a Glasgow :  |b Printed for, and sold by Brash and Reid,  |c 1792. 
300 |a 1 online resource (32 pages)  
336 |a text  |b txt  |2 rdacontent 
337 |a computer  |b c  |2 rdamedia 
338 |a online resource  |b cr  |2 rdacarrier 
510 4 |a English Short Title Catalog,  |c T117887. 
500 |a Reproduction of original from British Library. 
500 |a Electronic resource. 
650 0 |a Human rights.  |0 http://id.loc.gov/authorities/subjects/sh85026379 
655 7 |a Electronic books.  |2 local 
710 2 |a Gale (Firm)  |0 http://id.loc.gov/authorities/names/no2008071348 
752 |a Great Britain  |b Scotland  |d Glasgow. 
856 4 0 |u http://proxy.library.tamu.edu/login?url=http://find.galegroup.com/ecco/infomark.do?contentSet=ECCOArticles&docType=ECCOArticles&bookId=1337100400&type=getFullCitation&tabID=T001&prodId=ECCO&docLevel=TEXT_GRAPHICS&version=1.0&source=library&userGroupName=txshracd2898  |z Connect to the full text of this electronic book  |t 0 
999 f f |s ea39211c-f499-38e9-a335-0217b0b67214  |i 4172384c-9037-31c3-a4c7-42d99348e302  |t 0 
952 f f |a Texas A&M University  |b College Station  |c Electronic Resources  |d Available Online  |t 0  |h No information provided 
998 f f |t 0  |l Available Online